000 00666cam a22002411 4500
001 sa 67005891
003 DLC
005 20260227112401.0
008 890622s1964 ii a b 000 0 kano
010 _asa 67005891
035 _a(OCoLC)19913732
040 _aDLC
_cWaU
_dDLC
042 _apremarc
050 0 0 _aPL4641
_b.N28
100 1 _aNarasiṃhācār, Ḍi. El.,
_d1906-1971.
245 1 0 _aKannaḍa granthasampādane
_bKannada textual criticism.
260 _c[1964]
300 _axii, 270 p.
_billus.
_c19 cm.
500 _aIn Kannada.
504 _aBibliography: p. 266-270.
650 0 _aKannada philology.
740 0 _aKannada textual criticism.
999 _c75530
_d75530